[Event "Berlin op 04"]
[Site "Berlin"]
[Date "2004.04.18"]
[Round "9"]
[White "Salzberg, Gregor"]
[Black "Figura, Atila Gajo"]
[Result "1-0"]
[WhiteElo "2012"]
[BlackElo "2134"]
[PlyCount "117"]
[EventDate "2004.04.10"]
[EventType "swiss"]
[EventRounds "9"]
[EventCountry "GER"]
[SourceTitle "EXT 2007"]
[Source "ChessBase"]
[SourceDate "2006.11.23"]
[SourceVersion "1"]
[SourceVersionDate "2006.11.23"]
[SourceQuality "1"]

1. c4 g6 2. Nc3 Bg7 3. g3 e5 4. Bg2 d6 5. d3 Nc6 6. e4 h5 7. h4 Nd4 8. Nce2 Ne6 9. Be3 Ne7 10. Nf3 0-0 11. Qd2 c6 12. d4 f5 13. dxe5 dxe5 14. Qxd8 Rxd8 15. Ng5 Nd4 16. Rc1 fxe4 17. Nxe4 Bg4 18. Nxd4 exd4 19. Bg5 Re8 20. 0-0 Rad8 21. f3 Bf5 22. Nf6+ Bxf6 23. Bxf6 c5 24. Rcd1 Rd6 25. Bg5 Rb6 26. Rfe1 Kf7 27. Rd2 Ng8 28. Rxe8 Kxe8 29. Kf2 Ra6 30. a3 Be6 31. Bf1 Kf7 32. Bd3 Ne7 33. Bxe7 Kxe7 34. Bxg6 Bxc4 35. Bxh5 Bb3 36. f4 b5 37. Be2 Rb6 38. g4 a6 39. h5 Rd6 40. g5 Bg8 41. Bd3 c4 42. Bf5 Kf8 43. h6 Bf7 44. Be4 a5 45. f5 b4 46. axb4 axb4 47. g6 c3 48. bxc3 bxc3 49. Rc2 Bb3 50. Rc1 d3 51. Rxc3 d2 52. Bf3 Bd5 53. Bd1 Rd8 54. Rc7 Kg8 55. Ke3 Ba2 56. Kf4 Kh8 57. Kg5 Bb1 58. Rh7+ Kg8 59. Bb3+ 1-0